000 00697nam a2200193 a 4500
005 20221012063518.0
008 011024s1997 mx r 000 0 spa d
020 _a9688353779
035 _aUPN01000113455
049 _aCG
050 4 _aLE7.3931 E2g
_bL6.6
100 1 _aLópez Suárez, José Antonio
245 1 0 _aOrigen y evolución de la investigación en la Universidad Autónoma del Estado de México :
_b1956-1996 /
_cJosé Antonio López Suárez.
260 _aToluca :
_bUAEM,
_c1997.
300 _a141, [160] p. :
_bcuadros, gráfs.
610 2 4 _aUNIVERSIDAD AUTONOMA DEL ESTADO DE MEXICO -
_vPLANES Y PROGRAMAS
_917793
650 2 _aProyectos de investigación
_914388
905 _aLibro
999 _c87363
_d87363